000
00203 a2200097 4500
001
2033
100
_a
Murphy, J S
245
_a
Basics of digital computers.
260
_a
_b
Rider
_c
090
_c
1503
_d
1503
942
_a
NUST-CAE
_c
M
_c
5592
999
_c
237106
_d
237106